| 000 | 00609nam a22002057a 4500 | ||
|---|---|---|---|
| 003 | OSt | ||
| 005 | 20160614171614.0 | ||
| 008 | 160614b xxu||||| |||| 00| 0 eng d | ||
| 020 | _a971-08-6489-0 | ||
| 040 | _cLIC | ||
| 082 |
_22004 _aDFil 330 _bG99m |
||
| 100 |
_910215 _aGuzman, Juliet S. |
||
| 245 |
_aMastering the principles of economics/ _cJuliet S. Guzman and Danilo B. Aguirre. |
||
| 260 |
_aMandaluyong City: _bNational Book Store, _cc2004. |
||
| 300 |
_avii, 123 pages; _c22 cm. |
||
| 365 |
_b175.00 _cPhp |
||
| 650 | 0 |
_910216 _aEconomics |
|
| 700 |
_910217 _aAguirre, Danilo B. |
||
| 942 |
_2ddc _cDFIL |
||
| 999 |
_c3062 _d3062 |
||